=LDR 00000nam 2200000 4500 =001 INLIS000000000033898 =005 20130612135828 =008 ***********************************ind** =035 ##$$0010-061300000033898 =041 ##$$a ind =082 ##$$a 398.059 862 1 =090 ##$$a 398.059 862 1, Pra p =100 ##$$a Pratiwi, Dwi =245 ##$$a Putra anom dan putri tanjung menangis, Dwi pratiwi =260 ##$$a 2008 $b Jakarta =300 ##$$a vii,78 hlm, Ilus, 21 cm =650 ##$$a Cerita Rakyat Lombok =850 ##$$a NBPNMAT